00366nam a2200109Ia 450000500170000000800410001710000200005824501320007826000220021030000110023265000130024320260328101519.0260328s9999||||xx |||||||||||||| ||und|| aNoel, Martin S. 0aFundamentos para una EstÉtica Nacional :b Contribución a la Historia de la Arquitectura hispanoAmericana /cMartin S. Noel bRodríguez Giles a238 p. aHISTORIA